| 000 | 00837ngm a2200205 a 4500 | ||
|---|---|---|---|
| 005 | 20220923063506.0 | ||
| 008 | 991125s1970 mx 010 d daspa u | ||
| 035 | _aUPN01000000937 | ||
| 049 | _aAV | ||
| 099 | _aPVI H 0033 | ||
| 245 | 0 | 0 | _aAdministrando la motivación. |
| 260 |
_aMéxico : _bPelículas Mel, _c[197?]. |
||
| 300 |
_a1 videocasete (VHS) (10 min.) : _bson., col. |
||
| 500 | _aNúmero que le corresponde en el catálogo de películas Mel 0138 | ||
| 520 | _aEste programa le ayudará a usted y a sus empleados a alcanzar un nivel más alto de producción, presenta tres factores importantes de la motivación, propone crear expectación de éxito así como mantener abierta la comunicación | ||
| 650 | 7 |
_aMotivación (Psicología) _2 _95909 |
|
| 650 | 4 | _aPRODUCTIVIDAD | |
| 650 | 4 | _aSUPERVISION | |
| 905 | _aAudiovisuales | ||
| 999 |
_c937 _d937 |
||